Hoofdsteden van de landen van het WK 2026 - Statistieken

Algemene statistieken
  • Deze quiz is 83 keer genomen
  • De gemiddelde score is 25 van 42
Antwoordstatistieken
Land Hoofdstad % Correct
België Brussel
96%
Nederland Amsterdam
94%
Frankrijk Parijs
93%
Duitsland Berlijn
90%
Spanje Madrid
90%
Portugal Lissabon
89%
Engeland Londen
89%
Mexico Mexico-Stad
82%
Noorwegen Oslo
82%
Japan Tokio
82%
Egypte Caïro
81%
Verenigde Staten Washington D.C.
81%
Brazilië Brasilia
79%
Oostenrijk Wenen
78%
Zwitserland Bern
76%
Argentinië Buenos Aires
75%
Australië Canberra
75%
Zuid-Afrika Pretoria | Kaapstad | Bloemfontein
71%
Kroatië Zagreb
71%
Zuid-Korea Seoel
68%
Canada Ottawa
57%
Panama Panama-Stad
51%
Marokko Rabat
51%
Algerije Algiers
50%
Tunesië Tunis
50%
Uruguay Montevideo
47%
Curaçao Willemstad
46%
Nieuw-Zeeland Wellington
44%
Iran Teheran
43%
Colombia Bogota
39%
Senegal Dakar
38%
Schotland Edinburgh
38%
Ghana Accra
36%
Ecuador Quito
35%
Qatar Doha
33%
Saoedi-Arabië Riyad
32%
Paraguay Asuncion
25%
Jordanië Amman
24%
Haïti Port-au-Prince
24%
Kaapverdië Praia
21%
Oezbekistan Tasjkent
18%
Ivoorkust Yamoussoukro
15%
Geen overeenkomende quizzen gevonden
Scoreverdeling
Procent van Mensen met Elke Score
Percentiel versus Aantal Correcte Antwoorden
Uw Scoregeschiedenis
U heeft deze quiz nog niet genomen